[Event "GRE-chT2 48th"]
[Site "Thessaloniki"]
[Date "2021.10.10"]
[Round "7.4"]
[White "Argiroudis, Stamatis"]
[Black "Papadimitriou, Athanasios"]
[Result "1/2-1/2"]
[WhiteElo "2246"]
[BlackElo "2260"]
[PlyCount "100"]
[EventDate "2021.10.05"]
[EventType "team-swiss"]
[EventRounds "7"]
[EventCountry "GRE"]
[SourceTitle "CBM 204 Extra"]
[Source "ChessBase"]
[SourceDate "2021.11.30"]
[SourceVersion "1"]
[SourceVersionDate "2021.11.30"]
[SourceQuality "1"]
[WhiteTeam "Triandrias OS"]
[BlackTeam "Thessaloniki ES"]
[WhiteTeamCountry "GRE"]
[BlackTeamCountry "GRE"]

1. c4 c6 2. Nf3 d5 3. b3 Nf6 4. Bb2 g6 5. cxd5 cxd5 6. Bxf6 exf6 7. g3 Nc6 8. Bg2 d4 9. 0-0 Bg7 10. b4 0-0 11. b5 Ne7 12. Na3 Be6 13. Qa4 f5 14. Rac1 a6 15. Nc4 Bd7 16. Qb3 axb5 17. Nce5 Be6 18. Qb4 Rxa2 19. Ra1 Nc6 20. Qxb5 Nxe5 21. Nxe5 Rxd2 22. Rfd1 Rxd1+ 23. Rxd1 Qc7 24. f4 Rd8 25. Nd3 Bc4 26. Qxb7 Qxb7 27. Bxb7 Rb8 28. Bf3 Rb3 29. Kf2 Bf6 30. Nc5 Rb2 31. Nd7 Bh8 32. Nc5 Rc2 33. Nd3 Bf6 34. Nb4 Rb2 35. Nd3 Bxd3 36. Rxd3 Be7 37. Bd5 Bc5 38. Kf3 Rc2 39. Bb3 Rc3 40. Rxc3 dxc3 41. e4 fxe4+ 42. Kxe4 Kg7 43. g4 Kf6 44. h3 Bd6 45. Bc2 Bc7 46. Bb3 h6 47. Bc2 g5 48. f5 Ke7 49. Kd5 Bf4 50. Bb3 f6 1/2-1/2

[Event "GRE-chT2 48th"]
[Site "Thessaloniki"]
[Date "2021.10.06"]
[Round "3.3"]
[White "Mihalopoulos, Apostolos"]
[Black "Argiroudis, Stamatis"]
[Result "0-1"]
[WhiteElo "1685"]
[BlackElo "2246"]
[PlyCount "69"]
[EventDate "2021.10.05"]
[EventType "team-swiss"]
[EventRounds "7"]
[EventCountry "GRE"]
[SourceTitle "CBM 204 Extra"]
[Source "ChessBase"]
[SourceDate "2021.11.30"]
[SourceVersion "1"]
[SourceVersionDate "2021.11.30"]
[SourceQuality "1"]
[WhiteTeam "Kalamarias Han"]
[BlackTeam "Triandrias OS"]
[WhiteTeamCountry "GRE"]
[BlackTeamCountry "GRE"]

1. e4 c5 2. Nf3 e6 3. d4 cxd4 4. Nxd4 Nc6 5. Nxc6 bxc6 6. c4 e5 7. Be3 Nf6 8. f3 Bb4+ 9. Nd2 Qe7 10. Bd3 a5 11. 0-0 Bc5 12. Qe2 0-0 13. Rfc1 Rb8 14. Nb3 Bxe3+ 15. Qxe3 a4 16. Nc5 Rxb2 17. Nxa4 Rb4 18. Nb6 d6 19. a4 Nd7 20. Rab1 Rxb1 21. Rxb1 Nc5 22. Bf1 Be6 23. Qc3 Qa7 24. Qb4 Rb8 25. a5 h6 26. Kh1 Kh7 27. h3 g6 28. Kh2 f5 29. exf5 gxf5 30. Rb2 e4 31. Qd2 Rd8 32. fxe4 Nxe4 33. Qb4 Qg7 34. a6 Rb8 35. Qa3 0-1

[Event "Thessaloniki Novidis op 8th"]
[Site "Thessaloniki"]
[Date "2019.06.20"]
[Round "7"]
[White "Argiroudis, Stamatis"]
[Black "Samaridis, Konstantinos"]
[Result "1-0"]
[WhiteElo "2288"]
[BlackElo "2036"]
[PlyCount "111"]
[EventDate "2019.06.14"]
[EventType "swiss"]
[EventRounds "7"]
[EventCountry "GRE"]
[SourceTitle "EXT 2020"]
[Source "ChessBase"]
[SourceDate "2019.10.17"]
[SourceVersion "1"]
[SourceVersionDate "2019.10.17"]
[SourceQuality "1"]

1. Nf3 Nf6 2. c4 e6 3. g3 d5 4. Bg2 Be7 5. 0-0 0-0 6. b3 d4 7. e3 c5 8. exd4 cxd4 9. d3 Nc6 10. Re1 Nd7 11. Bb2 e5 12. Na3 Re8 13. Nc2 a5 14. a3 f6 15. Nh4 Nc5 16. b4 Na4 17. Bd5+ Kh8 18. Qh5 h6 19. Bc1 Bf8 20. Bf7 Bd7 21. b5 Ne7 22. f4 Qc8 23. Bxe8 Bg4 24. Qf7 Qxe8 25. Qxe8 Rxe8 26. fxe5 g5 27. exf6 gxh4 28. fxe7 Bg7 29. Bf4 Nc5 30. Be5 Rxe7 31. Bd6 Rxe1+ 32. Nxe1 Nb3 33. Ra2 h3 34. Rf2 Kg8 35. Rf4 h5 36. Re4 Bh6 37. Bf4 Bf8 38. a4 Kf7 39. Kf2 Bb4 40. Nf3 Bf5 41. Re5 Kf6 42. Bg5+ Kg6 43. Nh4+ Kxg5 44. Rxf5+ Kh6 45. Kf3 Nc5 46. Rf6+ Kh7 47. Rb6 Bc3 48. Nf5 Nxd3 49. Rxb7+ Kg6 50. Ne7+ Kg5 51. Nd5 Ne5+ 52. Ke4 Nxc4 53. Rd7 Be1 54. Kxd4 Nd2 55. Ke3 Nc4+ 56. Ke2 1-0

[Event "Thessaloniki CupT final"]
[Site "Thessaloniki"]
[Date "2019.05.11"]
[Round "1.1"]
[White "Argiroudis, Stamatis"]
[Black "Petrov, Martin"]
[Result "1/2-1/2"]
[WhiteElo "2289"]
[BlackElo "2472"]
[PlyCount "124"]
[EventDate "2019.05.11"]
[EventType "team-k.o."]
[EventRounds "2"]
[EventCountry "GRE"]
[SourceTitle "CBM 190 Extra"]
[Source "ChessBase"]
[SourceDate "2019.07.15"]
[SourceVersion "1"]
[SourceVersionDate "2019.07.15"]
[SourceQuality "1"]
[WhiteTeam "Triandrias"]
[BlackTeam "Thessaloniki SO Sach"]
[WhiteTeamCountry "GRE"]
[BlackTeamCountry "GRE"]

1. d4 Nf6 2. Nf3 e6 3. e3 b6 4. Bd3 Bb7 5. 0-0 d5 6. c4 Bd6 7. Nc3 0-0 8. b3 Nbd7 9. Bb2 a6 10. Rc1 Qe7 11. Na4 dxc4 12. bxc4 Rad8 13. Ne5 Bxe5 14. dxe5 Ne4 15. Qe2 Bc6 16. Nc3 Nec5 17. Ba3 Qh4 18. Bxc5 Nxc5 19. Bb1 Rd7 20. Rcd1 Rfd8 21. f4 g6 22. Rxd7 Rxd7 23. Rd1 Qd8 24. Kf2 Qh4+ 25. Kg1 Qd8 26. Kf2 Kf8 27. Rxd7 Qxd7 28. Qd1 Ke8 29. Qxd7+ Kxd7 30. e4 Na4 31. Nd1 b5 32. cxb5 Bxb5 33. Ke3 Kc6 34. f5 Kc5 35. Bc2 Nb6 36. Nb2 Nd7 37. fxe6 fxe6 38. Bb3 Nf8 39. a3 g5 40. g3 h6 41. Nd3+ Bxd3 42. Kxd3 a5 43. h3 Ng6 44. Bxe6 Nxe5+ 45. Kc3 Nf3 46. Bg4 Nd4 47. a4 Nc6 48. Bd1 Ne5 49. Be2 Nd7 50. Bd1 Nb6 51. Bb3 Kd6 52. Bd1 Ke5 53. Kd3 Nc8 54. Bb3 Nb6 55. Bd1 c5 56. Bc2 Kd6 57. Bd1 Ke6 58. Bb3+ Kf6 59. Bd1 Ke5 60. Bc2 c4+ 61. Kc3 h5 62. Bd1 Kxe4 1/2-1/2

[Event "Thessaloniki Triandria op 12th"]
[Site "Thessaloniki"]
[Date "2019.05.02"]
[Round "5"]
[White "Argiroudis, Stamatis"]
[Black "Dimitrov, Radoslav"]
[Result "0-1"]
[WhiteElo "2285"]
[BlackElo "2521"]
[PlyCount "102"]
[EventDate "2019.04.29"]
[EventType "swiss"]
[EventRounds "9"]
[EventCountry "GRE"]
[SourceTitle "CBM 190 Extra"]
[Source "ChessBase"]
[SourceDate "2019.07.15"]
[SourceVersion "1"]
[SourceVersionDate "2019.07.15"]
[SourceQuality "1"]

1. d4 Nf6 2. Nf3 g6 3. c4 d6 4. Nc3 Bf5 5. e3 Bg7 6. Be2 0-0 7. 0-0 c5 8. d5 Na6 9. Nd2 Bd7 10. e4 e6 11. Re1 Nc7 12. Nb3 e5 13. Bg5 h6 14. Be3 a6 15. a3 b5 16. Nd2 Rb8 17. b4 cxb4 18. axb4 bxc4 19. Nxc4 Nb5 20. Nxb5 Bxb5 21. Qb1 Ng4 22. Bxg4 Bxc4 23. Be2 Bxe2 24. Rxe2 Qc8 25. f3 f5 26. Rea2 Qc3 27. Ra3 Qxb4 28. Qxb4 Rxb4 29. Ra4 Rxa4 30. Rxa4 Ra8 31. Bd2 Bf6 32. exf5 gxf5 33. g4 f4 34. Bb4 Be7 35. Ba3 Kf7 36. Kf1 a5 37. Ke2 Kf6 38. h4 Rc8 39. Kd3 Rb8 40. Rxa5 Rb3+ 41. Ke2 e4 42. g5+ hxg5 43. hxg5+ Ke5 44. fxe4 f3+ 45. Kf1 Bxg5 46. Ra6 Be7 47. Ra4 Bd8 48. Ra8 Bh4 49. Kg1 f2+ 50. Kg2 Rg3+ 51. Kxf2 Rxa3+ 0-1

[Event "GRE-chT 46th"]
[Site "Rio Achaia"]
[Date "2018.07.11"]
[Round "2.6"]
[White "Argiroudis, Stamatis"]
[Black "Kourousis, Epaminondas"]
[Result "1/2-1/2"]
[WhiteElo "2306"]
[BlackElo "2399"]
[PlyCount "144"]
[EventDate "2018.07.10"]
[EventType "team"]
[EventRounds "7"]
[EventCountry "GRE"]
[SourceTitle "CBM 185 Extra"]
[Source "ChessBase"]
[SourceDate "2018.07.29"]
[SourceVersion "1"]
[SourceVersionDate "2018.07.29"]
[SourceQuality "1"]
[WhiteTeam "Triandrias OF"]
[BlackTeam "Panionios GA"]
[WhiteTeamCountry "GRE"]
[BlackTeamCountry "GRE"]

1. d4 Nf6 2. Nf3 e6 3. g3 b6 4. Bg2 Bb7 5. 0-0 g6 6. Bg5 Bg7 7. Nbd2 h6 8. Bxf6 Qxf6 9. c3 0-0 10. a4 a6 11. Ne5 Bxg2 12. Kxg2 d6 13. Nd3 Qe7 14. Qb3 Nc6 15. e4 Na5 16. Qb4 Rab8 17. Nf3 c5 18. dxc5 dxc5 19. Qa3 Rfd8 20. Nf4 Qb7 21. Rfe1 Rd7 22. h4 Rbd8 23. b4 cxb4 24. Qxb4 Rc8 25. Rac1 Rc4 26. Qb1 Rxa4 27. Red1 b5 28. Rxd7 Qxd7 29. Rd1 Qc7 30. Qd3 Nc6 31. e5 Nxe5 32. Nxe5 Qxe5 33. Qd8+ Bf8 34. Qe8 Ra2 35. Nh3 Qxc3 36. Rd8 Qg7 37. Nf4 b4 38. Rb8 Ra5 39. Rb7 Qf6 40. Rb8 Qg7 41. Rb7 Rb5 42. Rd7 Re5 43. Rb7 a5 44. Rb8 Rf5 45. Nd3 g5 46. h5 Rd5 47. Nb2 g4 48. Nc4 Rxh5 49. Nb6 Rd5 50. Nxd5 exd5 51. Qd8 d4 52. Qd7 h5 53. Qb5 Qh6 54. Rb6 Qg7 55. Qxa5 h4 56. gxh4 g3 57. fxg3 Qg4 58. Qg5+ Qxg5 59. hxg5 Kg7 60. Kf3 Be7 61. Ke4 Bxg5 62. Rxb4 Be3 63. Rb6 Kh7 64. Rd6 Kg7 65. Kf5 Kh7 66. g4 Bh6 67. Rxd4 Bg7 68. Rd7 Kg8 69. g5 Bb2 70. Rb7 Bc3 71. Rb8+ Kg7 72. Rc8 Bb2 1/2-1/2

[Event "Thessaloniki Triandria op 11th"]
[Site "Thessaloniki"]
[Date "2018.04.11"]
[Round "3"]
[White "Argiroudis, Stamatis"]
[Black "Mastrovasilis, Athanasios"]
[Result "0-1"]
[WhiteElo "2250"]
[BlackElo "2505"]
[PlyCount "90"]
[EventDate "2018.04.09"]
[EventType "swiss"]
[EventRounds "9"]
[EventCountry "GRE"]
[SourceTitle "CBM 183 Extra"]
[Source "ChessBase"]
[SourceDate "2018.04.19"]
[SourceVersion "1"]
[SourceVersionDate "2018.04.19"]
[SourceQuality "1"]

1. c4 e6 2. Nf3 d5 3. e3 c5 4. cxd5 exd5 5. Bb5+ Bd7 6. Bxd7+ Nxd7 7. 0-0 Ngf6 8. b3 Be7 9. d4 0-0 10. dxc5 Nxc5 11. Bb2 Nfe4 12. Qe2 Bf6 13. Rd1 Rc8 14. Nd4 Ne6 15. Na3 Re8 16. Qd3 Bxd4 17. Bxd4 Nxd4 18. Qxd4 Qe7 19. Qb2 Nxf2 20. Kxf2 Qxe3+ 21. Kf1 Re6 22. Rd2 Rf6+ 23. Rf2 Rxf2+ 24. Qxf2 Rc1+ 25. Rxc1 Qxc1+ 26. Qe1 Qxa3 27. Qe8+ Qf8 28. Qd7 Qb8 29. Qxd5 g6 30. g3 Qc8 31. a4 Qc6 32. Qd8+ Kg7 33. Ke2 Qe6+ 34. Kd2 Qf6 35. Qd5 Qf2+ 36. Kc3 b6 37. b4 Qe1+ 38. Kc2 Qxb4 39. Qe5+ Kh6 40. Qe3+ g5 41. Qe8 Qc5+ 42. Kb3 Kg7 43. Qe2 a5 44. Qb2+ f6 45. Qd2 Qb4+ 0-1

[Event "GRE-chT 45th"]
[Site "Achaia"]
[Date "2017.07.07"]
[Round "6.12"]
[White "Argiroudis, Stamatis"]
[Black "Svetushkin, Dmitry"]
[Result "0-1"]
[WhiteElo "2283"]
[BlackElo "2563"]
[PlyCount "82"]
[EventDate "2017.07.03"]
[EventType "team-swiss"]
[EventRounds "7"]
[EventCountry "GRE"]
[SourceTitle "CBM 179 Extra"]
[Source "ChessBase"]
[SourceDate "2017.08.23"]
[SourceVersion "1"]
[SourceVersionDate "2017.08.23"]
[SourceQuality "1"]
[WhiteTeam "Triandrias PG"]
[BlackTeam "Peiraikos PG"]
[WhiteTeamCountry "GRE"]
[BlackTeamCountry "GRE"]

1. Nf3 Nf6 2. c4 e6 3. g3 b6 4. Bg2 Bb7 5. 0-0 Be7 6. b3 0-0 7. Bb2 d5 8. e3 Nbd7 9. Qe2 c5 10. Rd1 Qc7 11. Nc3 dxc4 12. bxc4 Rad8 13. d3 a6 14. Rab1 Ne8 15. Ne1 Bxg2 16. Kxg2 Nd6 17. Kg1 b5 18. cxb5 axb5 19. a3 Rb8 20. Nf3 Qa5 21. Nd2 Nf6 22. Qf3 Rfd8 23. Nde4 Nfxe4 24. Nxe4 Nxe4 25. Qxe4 Rd5 26. Qg4 Bf8 27. e4 Rd7 28. Be5 Rbd8 29. Bf6 Rc8 30. Bb2 Qa4 31. Qe2 Rcd8 32. Qe3 Qc2 33. d4 cxd4 34. Qg5 Qxe4 35. Ba1 Rd5 36. Qc1 h5 37. Rb3 d3 38. h4 Qe2 39. Rd2 Qf3 40. Rc3 e5 41. Rc7 e4 0-1

[Event "GRE-chT 45th"]
[Site "Achaia"]
[Date "2017.07.06"]
[Round "5.11"]
[White "Kelires, Andreas"]
[Black "Argiroudis, Stamatis"]
[Result "1-0"]
[WhiteElo "2505"]
[BlackElo "2283"]
[PlyCount "89"]
[EventDate "2017.07.03"]
[EventType "team-swiss"]
[EventRounds "7"]
[EventCountry "GRE"]
[SourceTitle "CBM 179 Extra"]
[Source "ChessBase"]
[SourceDate "2017.08.23"]
[SourceVersion "1"]
[SourceVersionDate "2017.08.23"]
[SourceQuality "1"]
[WhiteTeam "OFI"]
[BlackTeam "Triandrias PG"]
[WhiteTeamCountry "GRE"]
[BlackTeamCountry "GRE"]

1. d4 d5 2. c4 c6 3. Nf3 Nf6 4. g3 e6 5. Bg2 Nbd7 6. 0-0 Bd6 7. Nc3 dxc4 8. Nd2 Nb6 9. Na4 Bc7 10. Nxb6 axb6 11. Nxc4 b5 12. Ne5 c5 13. Nf3 c4 14. Qc2 0-0 15. Bd2 Qd5 16. Ng5 Qd7 17. Rfd1 h6 18. Nf3 Qd5 19. Bb4 Re8 20. Ne5 Qd8 21. e4 Ra4 22. Bc3 Ba5 23. b3 Bxc3 24. Qxc3 cxb3 25. axb3 Rxa1 26. Rxa1 Qb6 27. Ra8 Qd8 28. h4 Nd7 29. Nxd7 Qxd7 30. Qc5 Qc6 31. e5 Qxc5 32. dxc5 Kf8 33. Rb8 Ke7 34. Bxb7 Bd7 35. Rxe8+ Bxe8 36. b4 Kd8 37. Kg2 Kc7 38. Be4 Bd7 39. g4 g6 40. Kg3 Be8 41. f4 Bd7 42. Bf3 Kd8 43. h5 gxh5 44. g5 hxg5 45. fxg5 1-0

[Event "GRE-chT 45th"]
[Site "Achaia"]
[Date "2017.07.05"]
[Round "4.14"]
[White "Argiroudis, Stamatis"]
[Black "Georgakopoulos, Nikolaos"]
[Result "0-1"]
[WhiteElo "2283"]
[BlackElo "2309"]
[PlyCount "74"]
[EventDate "2017.07.03"]
[EventType "team-swiss"]
[EventRounds "7"]
[EventCountry "GRE"]
[SourceTitle "CBM 179 Extra"]
[Source "ChessBase"]
[SourceDate "2017.08.23"]
[SourceVersion "1"]
[SourceVersionDate "2017.08.23"]
[SourceQuality "1"]
[WhiteTeam "Triandrias PG"]
[BlackTeam "Patron Sailing"]
[WhiteTeamCountry "GRE"]
[BlackTeamCountry "GRE"]

1. d4 Nf6 2. c4 g6 3. Nc3 Bg7 4. e4 0-0 5. f3 d6 6. Bg5 c5 7. d5 e6 8. Qd2 exd5 9. cxd5 Na6 10. Nge2 Bd7 11. Ng3 Nc7 12. Be2 b5 13. a3 a5 14. Nd1 Na6 15. 0-0 c4 16. Nf2 Nc5 17. Bd1 Qb6 18. Be3 Rfe8 19. f4 h5 20. Bc2 b4 21. e5 c3 22. bxc3 bxc3 23. Qd4 Qd8 24. Qc4 h4 25. Ne2 Rc8 26. exf6 Rxe3 27. fxg7 Na4 28. Qd4 Rxe2 29. Bxa4 Rd2 30. Qe3 Bxa4 31. f5 Kxg7 32. Ne4 Qe8 33. fxg6 fxg6 34. Qf4 Qe5 35. Qxe5+ dxe5 36. Nxd2 cxd2 37. Rfd1 Bxd1 0-1

[Event "Thessaloniki Triandria op 10th"]
[Site "Thessaloniki"]
[Date "2017.04.20"]
[Round "5"]
[White "Papadopoulos, Panayotis"]
[Black "Argiroudis, Stamatis"]
[Result "1/2-1/2"]
[WhiteElo "2160"]
[BlackElo "2293"]
[PlyCount "90"]
[EventDate "2017.04.17"]
[EventType "swiss"]
[EventRounds "9"]
[EventCountry "GRE"]
[SourceTitle "CBM 178 Extra"]
[Source "ChessBase"]
[SourceDate "2017.06.22"]
[SourceVersion "1"]
[SourceVersionDate "2017.06.22"]
[SourceQuality "1"]

1. d4 Nf6 2. c4 e6 3. Nf3 d5 4. e3 a6 5. b3 c5 6. Bb2 Nc6 7. Nbd2 cxd4 8. exd4 Be7 9. Bd3 0-0 10. 0-0 dxc4 11. Nxc4 b5 12. Nce5 Nb4 13. Bb1 Bb7 14. a3 Nbd5 15. Re1 Nf4 16. Qd2 N6d5 17. Be4 Rc8 18. Rac1 Qd6 19. Rc5 f6 20. Rxc8 Rxc8 21. g3 f5 22. Bb1 Nh3+ 23. Kf1 Nf6 24. Kg2 Ne4 25. Bxe4 fxe4 26. Kxh3 exf3 27. Kg4 Bf6 28. h4 Bd5 29. Qd3 Qc7 30. Rc1 Qd8 31. Rxc8 Qxc8 32. Qc3 Qe8 33. Bc1 Bxe5 34. dxe5 Qg6+ 35. Kh3 h5 36. Kh2 Qe4 37. Qc8+ Kh7 38. Qe8 Qf5 39. Bg5 Qg4 40. b4 Bc4 41. Kg1 Bd3 42. Bf4 Qf5 43. Bg5 Qg4 44. Bf4 Be4 45. Kh2 Bd3 1/2-1/2

[Event "Thessaloniki Triandria op 8th"]
[Site "Thessaloniki"]
[Date "2015.04.14"]
[Round "1"]
[White "Argiroudis, Stamatis"]
[Black "Nikolakis, Panagiotis Marios"]
[Result "1/2-1/2"]
[WhiteElo "2268"]
[BlackElo "1750"]
[PlyCount "82"]
[EventDate "2015.04.14"]
[EventType "swiss"]
[EventRounds "7"]
[EventCountry "GRE"]
[SourceTitle "CBM 166 Extra"]
[Source "ChessBase"]
[SourceDate "2015.06.18"]
[SourceVersion "1"]
[SourceVersionDate "2015.06.18"]
[SourceQuality "1"]

1. d4 Nf6 2. Bg5 e6 3. e4 h6 4. Bxf6 Qxf6 5. c3 d6 6. Bd3 Nd7 7. Ne2 Qd8 8. 0-0 Be7 9. f4 0-0 10. Nd2 e5 11. Nc4 exd4 12. cxd4 d5 13. exd5 Nf6 14. Nc3 Nxd5 15. Be4 Nf6 16. Bf3 c6 17. d5 cxd5 18. Nxd5 Bc5+ 19. Kh1 Be6 20. Nce3 Nxd5 21. Nxd5 Qd7 22. Rc1 Rac8 23. Qd3 Bxd5 24. Bxd5 Be3 25. Rcd1 Rfe8 26. f5 Bg5 27. Qb3 Qc7 28. Rf3 Bf6 29. Rfd3 Re7 30. g3 Rce8 31. Bf3 Qc5 32. Kg2 Qxf5 33. Rd8 Re2+ 34. Bxe2 Bxd8 35. Bf3 Bb6 36. Rf1 Rc8 37. Kh1 Rc2 38. Qd5 Qxd5 39. Bxd5 Rc7 40. b3 Kf8 41. a4 Ba5 1/2-1/2

[Event "GRE CupT final 32nd"]
[Site "Porto Rio"]
[Date "2014.07.04"]
[Round "1.1"]
[White "Argiroudis, Stamatis"]
[Black "Jovic, Stanoje"]
[Result "1/2-1/2"]
[WhiteElo "2300"]
[BlackElo "2316"]
[PlyCount "84"]
[EventDate "2014.07.04"]
[EventType "team-k.o."]
[EventRounds "5"]
[EventCountry "GRE"]
[SourceTitle "CBM 161 Extra"]
[Source "ChessBase"]
[SourceDate "2014.08.29"]
[SourceVersion "1"]
[SourceVersionDate "2014.08.29"]
[SourceQuality "1"]
[WhiteTeam "Triandrias OS"]
[BlackTeam "Ptolemaida Ptolemaios"]
[WhiteTeamCountry "GRE"]
[BlackTeamCountry "GRE"]

1. d4 Nf6 2. Bg5 c5 3. d5 Qb6 4. Nc3 Qxb2 5. Bd2 Qb6 6. e4 e5 7. f4 d6 8. Rb1 Qc7 9. fxe5 dxe5 10. Nf3 Bd6 11. Nb5 Qe7 12. Bd3 a6 13. Nxd6+ Qxd6 14. a4 b6 15. c4 a5 16. 0-0 Bg4 17. Qb3 Bxf3 18. gxf3 Nbd7 19. f4 0-0 20. Bc2 Qe7 21. fxe5 Nxe5 22. Bg5 h6 23. Bxf6 gxf6 24. Qh3 Kh7 25. Qf5+ Kh8 26. Rxb6 Rg8+ 27. Kh1 Rg6 28. Rfb1 Rag8 29. Rb8 Qc7 30. Rxg8+ Kxg8 31. Bd1 Kg7 32. Be2 Rg5 33. Qf2 Ng6 34. Rf1 Qe5 35. Qxc5 Qxe4+ 36. Bf3 Qd3 37. Bg2 Nh4 38. Rg1 Nxg2 39. Rxg2 Qf1+ 40. Qg1 Qxc4 41. Rxg5+ hxg5 42. Qd1 Qe4+ 1/2-1/2

[Event "Thessaloniki Triandria 7th A"]
[Site "Thessaloniki"]
[Date "2014.04.27"]
[Round "7"]
[White "Galopoulos, Nikolaos"]
[Black "Argiroudis, Stamatis"]
[Result "1-0"]
[WhiteElo "2358"]
[BlackElo "2282"]
[PlyCount "110"]
[EventDate "2014.04.22"]
[EventType "swiss"]
[EventRounds "7"]
[EventCountry "GRE"]
[SourceTitle "EXT 2024"]
[Source "ChessBase"]
[SourceDate "2023.10.10"]
[SourceVersion "1"]
[SourceVersionDate "2023.10.10"]
[SourceQuality "1"]

1. d4 Nf6 2. c4 c6 3. Nc3 d5 4. Nf3 e6 5. Bg5 Nbd7 6. e3 Be7 7. Qc2 h6 8. Bh4 0-0 9. Rd1 dxc4 10. Bxc4 b5 11. Be2 Bb7 12. 0-0 Nd5 13. Bxe7 Qxe7 14. Nxd5 exd5 15. Rc1 Rac8 16. Bd3 g6 17. Qd2 a6 18. Be2 Qd6 19. Rfd1 Rfd8 20. Qa5 c5 21. dxc5 Nxc5 22. Nd4 Ne4 23. a4 bxa4 24. Qxa4 Qb6 25. Qb3 Qxb3 26. Nxb3 Rxc1 27. Rxc1 Rc8 28. Rxc8+ Bxc8 29. f3 Nd6 30. Nc5 Nb5 31. Bxb5 axb5 32. Kf2 Kf8 33. Ke2 Ke7 34. Kd3 Kd6 35. Kd4 f6 36. b4 Bf5 37. Nb3 g5 38. Nc1 Bc2 39. Ne2 Bb3 40. Ng3 Ke6 41. Ne2 Bc4 42. Nc3 Kd6 43. g3 Kc6 44. e4 dxe4 45. Nxe4 f5 46. Nd2 Be2 47. Ke5 f4 48. gxf4 gxf4 49. Nb3 Bc4 50. Nd4+ Kd7 51. Kxf4 Kd6 52. Nf5+ Kd5 53. Nxh6 Kd4 54. h4 Kc3 55. Nf5 Kxb4 1-0

[Event "Isthmia op 3rd"]
[Site "Vrachati"]
[Date "2013.08.23"]
[Round "7"]
[White "Argiroudis, Stamatis"]
[Black "Poulopoulos, Ioannis"]
[Result "1/2-1/2"]
[WhiteElo "2351"]
[BlackElo "2054"]
[PlyCount "90"]
[EventDate "2013.08.18"]
[EventType "swiss"]
[EventRounds "9"]
[EventCountry "GRE"]
[SourceTitle "CBM 156 Extra"]
[Source "ChessBase"]
[SourceDate "2013.10.22"]
[SourceVersion "1"]
[SourceVersionDate "2013.10.22"]
[SourceQuality "1"]

1. d4 Nf6 2. Nf3 e6 3. e3 b6 4. Bd3 Bb7 5. 0-0 g6 6. Qe2 d5 7. Ne5 Bg7 8. Nd2 0-0 9. b3 a6 10. Ba3 Re8 11. c4 Nbd7 12. f4 Ne4 13. cxd5 exd5 14. Bxe4 dxe4 15. Rac1 Nxe5 16. fxe5 Bd5 17. Rf4 Bh6 18. Qf2 Bxf4 19. Qxf4 Qd7 20. Nxe4 Bxe4 21. Qxe4 Rad8 22. Bb2 f6 23. Qb7 c5 24. Qxb6 fxe5 25. Rxc5 exd4 26. Rc7 dxe3 27. Rxd7 Rxd7 28. h3 e2 29. Bc3 e1Q+ 30. Bxe1 Rxe1+ 31. Kf2 Ra1 32. a4 Ra2+ 33. Kf3 Rb2 34. g4 Rd3+ 35. Kf4 Rbxb3 36. Qxa6 Rd4+ 37. Ke5 Rbd3 38. Qc8+ Kg7 39. Qc7+ Rd7 40. Qc5 Rxh3 41. a5 Rg3 42. Ke6 Rdd3 43. Qe7+ Kh6 44. Qh4+ Kg7 45. Qf6+ Kh6 1/2-1/2

[Event "GRE-chT 40th"]
[Site "Achaia"]
[Date "2012.07.01"]
[Round "3.10"]
[White "Argiroudis, Stamatis"]
[Black "Moutousis, Konstantinos"]
[Result "0-1"]
[WhiteElo "2294"]
[BlackElo "2431"]
[PlyCount "76"]
[EventDate "2012.06.30"]
[EventType "team-swiss"]
[EventRounds "7"]
[EventCountry "GRE"]
[SourceTitle "CBM 149 Extra"]
[Source "ChessBase"]
[SourceDate "2012.08.24"]
[SourceVersion "1"]
[SourceVersionDate "2012.08.24"]
[SourceQuality "1"]
[WhiteTeam "Triandrias"]
[BlackTeam "AEK"]
[WhiteTeamCountry "GRE"]
[BlackTeamCountry "GRE"]

1. Nf3 c5 2. c4 g6 3. Nc3 Bg7 4. g3 Nc6 5. Bg2 e6 6. d3 d5 7. 0-0 Nge7 8. Bg5 h6 9. Bd2 0-0 10. a3 b6 11. Rb1 a5 12. Nb5 e5 13. cxd5 Nxd5 14. Ne1 Be6 15. Nc2 a4 16. Nc3 Qd7 17. Ne3 Nxe3 18. Bxe3 Bb3 19. Qd2 Kh7 20. f4 f5 21. fxe5 Nxe5 22. Kh1 Rad8 23. Bf4 Ng4 24. h3 Nf6 25. h4 Rfe8 26. Rbe1 b5 27. Qc1 b4 28. Nd1 Rc8 29. Ne3 Nh5 30. Bf3 Nxf4 31. gxf4 Qd4 32. Nc4 Bxc4 33. dxc4 Qxb2 34. Qd1 Qf6 35. Qxa4 Qxh4+ 36. Kg2 Qxf4 37. axb4 Re7 38. Rh1 Qxc4 0-1